000 00661nam a2200241Ia 4500
003 OSt
005 20221007062615.0
006 a|||||r|||| 00| 0
007 ta
008 221006b |||||||| |||| 00| 0 eng d
024 _a16,275
037 _cTextual
040 _aFLL
_cFLL
_beng
041 _2eng
_aeng
082 _aX7291:Z252, J5
100 _aSingh Shambhu Dayal Au.
_9683056
245 0 _aLaw of sales tax in Uttar Pradesh
250 _a2nd
260 _aAllahabad
_bWadhwa and Comp. India
_c1955
300 _axxvi,494p
_ccm.
942 _hX7291:Z252, J5
_cTEXL
_2CC
999 _c1129095
_d1129095